Top 11 Countries with the Highest Rates of Eating Disorders in the World - Statistics

General Stats
  • This quiz has been taken 2,327 times
  • The average score is 5 of 11
Answer Stats
Rank Country % Correct
3. United States
90%
1. China
78%
9. Japan
78%
7. Russia
58%
11. Germany
56%
2. India
51%
5. Brazil
42%
4. Indonesia
25%
6. Pakistan
20%
10. Vietnam
20%
8. Bangladesh
15%
No matching quizzes found
Score Distribution
Percent of People with Each Score
Percentile by Number Answered
Your Score History
You have not taken this quiz